| 000 | 00388nam a22001697a 4500 | ||
|---|---|---|---|
| 005 | 20260331165732.0 | ||
| 008 | 160629b xxu||||| |||| 00| 0 eng d | ||
| 020 | _a978-0143-06866-2 | ||
| 041 | _aeng | ||
| 082 | _b658.4 | ||
| 100 |
_aWitzel, Morgen _92034 |
||
| 245 | _aHow to Be Your Own Management Guru | ||
| 260 | _bpenguin | ||
| 300 | _a212 | ||
| 650 | _aManagement | ||
| 942 | _cBK | ||
| 999 |
_c4648 _d4646 |
||